00549nam a2200193Ia 4500003000400000008004100004020001500045040001600060082001300076100002100089245004600110700001700156260005200173300002700225490003100252650001500283650002100298650003600319GCL140319s9999 xx 000 0 eng d a1857150996 aGCL / cGCL04a813bA C1 aPOE, EDJAR ALLAN10aTHE COMPLETE STORIES / cPOE, EDJAR ALLAN1 aSEELYE, JOHN aانجلترا : bEVERYMAN'S LIBRARY ، c1992 a21 CM ؛ cXXXV, 955 P aTHE MILLENNIUM LIBRARYv9904aLITERATURE04aAMERICAN FICTION04aAMERICAN FICTIONS - COLLECTIONS